01047cam a2200301 a 450000100090000000300040000900500170001300800410003001000170007102000180008804000180010604300120012405000260013608200180016210000190018024500430019925000220024226000460026430000260031065000370033665000290037365000260040265100190042865500310044785600990047885600770057785600910065413626972OSt20230919103858.0040617r20041987nyu 000 1 eng  a 2004555136 a9780099540977 aDLCcDLCdDLC an-us-oh00aPS3563.O8749bB4 200400a813.54bMOR/B1 aMorrison, Toni10aBeloved :ba novel /cby Toni Morrison aReading guide ed. aNew York :bVintage International,c2004. axix, 321 p. ;c21 cm. 0aAfrican American womenvFiction. 0aEnslaved womenvFiction. 0aInfanticidevFiction. 0aOhiovFiction. 7aHistorical fiction.2gsafd423Contributor biographical informationuhttp://www.loc.gov/catdir/bios/random056/2004555136.html413Sample textuhttp://www.loc.gov/catdir/samples/random051/2004555136.html423Publisher descriptionuhttp://www.loc.gov/catdir/description/random052/2004555136.html